000 00605nam a2200193Ia 4500
999 _c34560
_d34560
003 OSt
005 20200911154810.0
008 190216s9999||||xx |||||||||||||| ||und||
020 _a9781259097102
040 _coclc
082 _a530.11
_bMOO/S
100 _aMoore, Thomas A
_94462
245 0 _aSix Ideas That Shaped Physics:
_bUnit R - The Laws of Physics Are Frame Independent /
_cThomas A Moore
250 _a2nd Ed.
260 _bMcGraw Hill Education,
_c2013.
_aNew Delhi:
300 _a213p
650 _aModern Physics
942 _cBK
_2ddc
_h530.11
_iMOO/S
_k530.11
_mMOO/S